|
|
|
|
| LEADER |
01245nam a2200325 a 4500 |
| 001 |
000101504 |
| 003 |
CZ BrMZK |
| 005 |
20080620092906.0 |
| 007 |
ta |
| 008 |
960815s1996 xr f cze d |
| 015 |
|
|
|a cnb000187087
|
| 020 |
|
|
|a 80-7067-645-0
|
| 035 |
|
|
|a (OCoLC)37251517
|
| 040 |
|
|
|a BOA001
|b cze
|
| 080 |
|
|
|a 541.1(076.5)
|2 MRF
|
| 100 |
1 |
|
|a Nevěčná, Taťjana,
|d 1952-
|7 kup19940000070104
|4 aut
|
| 245 |
1 |
0 |
|a Cvičení z fyzikální chemie I /
|c Taťjana Nevěčná, [Libor Kvítek, Roman Klička]
|
| 250 |
|
|
|a 1. vyd.
|
| 260 |
|
|
|a Olomouc :
|b Vydavatelství Univerzity Palackého,
|c 1996
|
| 300 |
|
|
|a 120 s. :
|b il. ;
|c 29 cm
|
| 521 |
8 |
|
|a Určeno pro posluchače M-Ch, Bi-Ch, Tv-Ch, Ag-Ch, A-Ch
|
| 653 |
0 |
|
|a fyzikální chemie
|
| 700 |
1 |
|
|a Klička, Roman,
|d 1969-
|7 kup19960000048884
|4 aut
|
| 700 |
1 |
|
|a Kvítek, Libor,
|d 1960-
|7 kup19960000054713
|4 aut
|
| 910 |
|
|
|a BOA001
|b 4-1026.006
|b PK-N-0032.788
|
| 920 |
|
|
|a 000112993
|
| 964 |
|
|
|a Chemie fyzikální
|x praktika
|x školy vysoké
|
| 990 |
|
|
|a BK
|
| 996 |
7 |
|
|b 2610043491
|c 4-1026.006
|l MZK
|r Sklad / do 1 hodiny
|n 8
|p p.v.
|w 000101504
|u 000010
|a 1
|e BOA001
|j MZK50
|s A
|
| 996 |
7 |
|
|b 3119005942
|c PK-N-0032.788
|l MZK
|r Sklad / do 1 hodiny
|n 5
|p kup
|w 000101504
|u 000020
|a 1
|e BOA001
|j MZK50
|s A
|